Football - Pays ayant gagnés la Coupe d'Asie (Mort Subite) - Statistiques

Statistiques générales
  • Ce quiz a été pris 93 fois
  • Le résultat moyen est 4 sur 9
Answers on the Grid
Answers color-coded by a green-red scale on the quiz's grid according to % correct below.
Japon
Arabie Saoudite
Iran
Corée du Sud
Qatar
Israël
Koweït
Australie
Irak
Chine
Inde
Émirats Arabes Unis
Hong Kong
Pakistan
Nepal
Thaïlande
Viet Nam
Indonésie
Corée du Nord
Mongolie
 
Statistiques - réponses
Réponse % Correct
Japon
72%
Qatar
67%
Corée du Sud
65%
Australie
56%
Iran
56%
Arabie Saoudite
51%
Irak
44%
Israël
23%
Koweït
14%
Aucun quiz correspondant
Distribution des résultats
% des personnes avec chaque résultat
Percentile par nombre de réponses
Votre historique - résultats
Vous n’avez pas pris ce quiz